Statistics for Click the Beyoncé Song Title Ending

Click here to take the quiz!

General Stats

  • This quiz has been taken 73 times
  • The average score is 12 of 14

Answer Stats

HintAnswer% Correct
Crazy InLove
98%
Texas Hold'Em
96%
Me, Myself andI
96%
America Has aProblem
95%
DéjàVu
95%
CUFFIT
91%
VideoPhone
89%
SweetDreams
88%
Love OnTop
86%
BabyBoy
82%
16Carriages
81%
Break MySoul
77%
NaughtyGirl
65%
MyHouse
60%

Score Distribution

Percentile by Number Answered

Percent of People with Each Score

Your Score History

You have not taken this quiz